Catálogo
 En Linea
Vista normal Vista MARC

Entrada Nombre personal

Número de registros utilizados en: 6

001 - NÚMERO DE CONTROL

  • campo de control: 79589

003 - IDENTIFICADOR DEL NÚMERO DE CONTROL

  • campo de control: BNPHU

005 - FECHA Y HORA DE LA ÚLTIMA TRANSACCIÓN

  • campo de control: 20240305094244.0

008 - DATOS DE LONGITUD FIJA

  • campo de control de longitud fija: 210826|| aca||aabn | a|a d

040 ## - FUENTE DE LA CATALOGACIÓN

  • Centro catalogador/agencia de origen: DO-SdBNP
  • Lengua de catalogación: spa
  • Centro/agencia transcriptor: BNPHU
  • Normas de descripción: rda

100 1# - ENCABEZAMIENTO-NOMBRE DE PERSONA

  • Nombre de persona: Enriquillo,
  • Fechas asociadas al nombre: 1535-
  • Títulos y otros términos asociados al nombre: cacique,

400 0# - TRAZADO DE VÉASE--NOMBRE DE PERSONA

  • Nombre de persona: Enrique,
  • Títulos y otros términos asociados al nombre: cacique,
  • Fechas asociadas al nombre: -1535

400 0# - TRAZADO DE VÉASE--NOMBRE DE PERSONA

  • Nombre de persona: Enriquillo,
  • Títulos y otros términos asociados al nombre: cacique,
  • Fechas asociadas al nombre: -1535

400 0# - TRAZADO DE VÉASE--NOMBRE DE PERSONA

  • Nombre de persona: Guarocuya,
  • Títulos y otros términos asociados al nombre: cacique,
  • Fechas asociadas al nombre: -1535

400 0# - TRAZADO DE VÉASE--NOMBRE DE PERSONA

  • Nombre de persona: Guayacuya,
  • Títulos y otros términos asociados al nombre: cacique,
  • Fechas asociadas al nombre: -1535

670 ## - FUENTE DE DATOS ENCONTRADOS

  • Cita de la fuente: Work cat.: (DO-SdBNP)11276: Conde, Pedro, 1945- 27406, Notas sobre el Enriquillo /, 1978.

670 ## - FUENTE DE DATOS ENCONTRADOS

  • Cita de la fuente: Silie Gatón, D. La causa de Enriquillo, 1959

670 ## - FUENTE DE DATOS ENCONTRADOS

  • Cita de la fuente: Enciclopedia Dominicana, 1976:
  • Información encontrada: (Enriquillo, cacique de Quisqueya, - 1535)

670 ## - FUENTE DE DATOS ENCONTRADOS

  • Cita de la fuente: Utrera, C. de. Santo Domingo, dilucidaciones históricas, 1978-

Con tecnología Koha